| 000 | 00919nam a22001817a 4500 | ||
|---|---|---|---|
| 999 |
_c61999 _d61999 |
||
| 003 | Ge_BSU | ||
| 005 | 20240620100501.0 | ||
| 008 | 240620s1955 ge ||||| |||| 00| 0 geo d | ||
| 041 | _ageo | ||
| 080 | _a615.838(479.22) ლ-16 | ||
| 100 |
_aლაზარიდი-ციციშვილი, ა. _922510 |
||
| 245 |
_aბორჯომი : _b ბორჯომის რაიონის საკურორტო რესურსები / _cა. ლაზარიდი-ციციშვილი; რედ. დ. ჯავახიშვილი. |
||
| 264 |
_aთბილისი : _bსაქმედგამი, _c1955. |
||
| 300 |
_a84 გვ. : _b8ფურც. ილ. ; _c20 სმ. |
||
| 653 | _aკურორტები საქართველოში | ||
| 700 |
_aჯავახიშვილი, დ. _eრედაქტორი _922400 |
||
| 942 |
_2udc _cᲬᲘᲒᲜᲘ |
||